| 000 | 00401nam a2200157Ia 4500 | ||
|---|---|---|---|
| 008 | 210210b1976 xxu||||| |||| 00| 0 eng d | ||
| 020 | _a0 201 00830 0 | ||
| 082 | _a515 BITC | ||
| 100 | _aBITTINGER (Marvin L). | ||
| 245 | _aCalculus: a modeling approch. | ||
| 260 |
_aLondon _bAddison-Wesley _c1976 |
||
| 300 | _a433,A62,113 | ||
| 650 | _aCalculus Modern | ||
| 690 | _aCalculus | ||
| 906 | _a033292 | ||
| 999 |
_c84279 _d84279 |
||